Integrando costos económicos en la identificación de áreas prioritarias para la conservación en la Amazonía occidental / (Registro nro. 17817)
[ vista simple ]
| 000 -CABECERA | |
|---|---|
| Campo de control | 01354nam a22003137a 4500 |
| 005 - FECHA Y HORA DE LA ULTIMA TRANSACCION | |
| Campo de control | 20150928123328.0 |
| 008 - ELEMENTOS DE LONGITUD FIJA—INFORMACION GENERAL | |
| Campo de control | 150928b2015 ck |||||r|||| 00| 0 spa d |
| 020 ## - ISBN | |
| ISBN | 9786124695223 |
| 040 ## - FUENTE DE CATALOGACIÓN | |
| Agencia catalogadora original | CO-BoIAVH |
| Agencia transcriptora | CO-BoIAVH |
| 041 0# - IDIOMA | |
| Código de idioma para texto/pista de sonido o título separado | Español |
| 044 ## - PAÍS DE PUBLICACIÓN | |
| País de publicación | Perú |
| 082 04 - NUMERO DE CLASIFICACION DECIMAL DEWEY | |
| Número de clasificación | 333.75 |
| Número del ítem | U84c8 |
| 100 1# - ASIENTO PRINCIPAL--NOMBRE PERSONAL | |
| Nombre personal | Lessmann, Janeth |
| 9 (RLIN) | 39991 |
| 245 1# - MENCION DE TITULO | |
| Título | Integrando costos económicos en la identificación de áreas prioritarias para la conservación en la Amazonía occidental / |
| Mención de responsabilidad | Janeth Lessmann y Aaron Bruner. |
| 260 ## - PUBLICACION, DISTRIBUCION, ETC. (PIE DE IMPRENTA) | |
| Lugar de publicación, distribución, etc. | Lima (Perú): |
| Nombre del editor, distribuidor, etc. | USAID: |
| -- | ICAA, |
| Fecha de publicación, distribución, etc. | 2015. |
| 300 ## - DESCRIPCION FISICA | |
| Extensión | 93 páginas : |
| Otros detalles físicos | tablas y mapas a color ; |
| Dimensiones | 25 cm. |
| 490 ## - MENCION DE SERIE | |
| Mención de serie | Conservación estratégica. Serie técnica |
| Designación numérica/secuencial del volumen | 33 |
| 500 ## - NOTA GENERAL | |
| Nota general | Programa de investigaciones económicas aplicadas para la conservación en la Amazonía Andina. |
| 504 ## - NOTA DE BIBLIOGRAFIA, ETC. | |
| Nota de bibliografía | Incluye referencias bibliográficas (páginas 78-86). |
| 520 ## - NOTA DE RESUMEN, ETC. | |
| Nota de resumen | Incluye resúmenes en inglés y español. |
| 650 #6 - ASIENTO SECUNDARIO DE MATERIA - TERMINO TEMATICO | |
| Término temático o nombre geográfico como elemento de entrada | Áreas prioritarias de conservación |
| Subdivisión general | Aspectos económicos |
| 9 (RLIN) | 39992 |
| 650 #4 - ASIENTO SECUNDARIO DE MATERIA - TERMINO TEMATICO | |
| Término temático o nombre geográfico como elemento de entrada | Áreas prioritarias de conservación |
| Subdivisión general | Costos |
| 9 (RLIN) | 39993 |
| 650 #4 - ASIENTO SECUNDARIO DE MATERIA - TERMINO TEMATICO | |
| Término temático o nombre geográfico como elemento de entrada | Áreas prioritarias de conservación |
| Subdivisión general | Identificación |
| 9 (RLIN) | 39994 |
| 651 #6 - ASIENTO SECUNDARIO DE MATERIA - NOMBRE GEOGRAFICO | |
| Nombre geográfico | Amazonía (Región, Colombia) |
| 9 (RLIN) | 39995 |
| 651 #6 - ASIENTO SECUNDARIO DE MATERIA - NOMBRE GEOGRAFICO | |
| Nombre geográfico | Amazonía (Región, Perú) |
| 9 (RLIN) | 39996 |
| 651 #6 - ASIENTO SECUNDARIO DE MATERIA - NOMBRE GEOGRAFICO | |
| Nombre geográfico | Amazonía (Región, Ecuador) |
| 9 (RLIN) | 39997 |
| 700 1# - ASIENTO SECUNDARIO - NOMBRE PERSONAL | |
| Nombre personal | Bruner, Aaron |
| 9 (RLIN) | 39998 |
| 942 ## - ELEMENTOS ADICIONALES (KOHA) | |
| Sistema de clasificación | Dewey Decimal Classification |
| Tipo de ítem | Libro |
| Withdrawn status | Lost status | Sistema de Clasificación | Damaged status | No para préstamo | Colección | Inventariado | Ubicación Permanente | Ubicación actual | Fecha de adquisición | Fuente de Valor | Valor | Total Checkouts | Número topográfico | Inventario / Código de Barras | Date last seen | Ejemplar | Price effective from | Forma de adquisición | Tipo de material |
|---|---|---|---|---|---|---|---|---|---|---|---|---|---|---|---|---|---|---|---|
| Dewey Decimal Classification | General | Inventariado 2017 | Bogotá | Bogotá | 28/09/2015 | Instituto | 39000.00 | LB-333.75 U84c8 | 039259 | 28/09/2015 | Ej. 1 | 28/09/2015 | Libro |